000 00902nam a22003137a 4500
001 BR2014001408
003 BR-BrBNA
005 20230928104407.0
007 ta
008 230509b bl.||||| |||| 00| 0 por d
040 _aBR-BrBNA
_bpor
_cBiblioteca Nacional de Agricultura
041 _a(Eng)
072 _aH20
_b3240
090 _ 3240 BR2014001408
100 1 _aHodges, C.S.
100 1 _aReis, M.S.
110 1 _aInstituto Brasileiro de Desenvolvimento Florestal, Brasilia, DF (Brasil)
_95727
110 1 _aFAO, Rome (Italy)
245 1 _aThe influence of basal cankers on sprouting of Eucalyptus
_bBRA/71/545; Field Document, 17
260 3 _aBrasilia, DF (Brasil):
_c1976.
300 _a4 p.
500 _aSummary (Eng)
650 _aDOENÇA DE PLANTA
650 _aEUCALIPTO
650 _aCANCRO
650 _aFUNGO
909 _a202309
_bLucia
_c55
_dLucia Elande
942 _cBK
999 _c79669
_d79669